| 000 | 00573nmm a2200169Ia 4500 | ||
|---|---|---|---|
| 008 | 251105s9999||||xx |||||||||||||||||und|| | ||
| 020 | _a9789587386455 | ||
| 041 | _aspa | ||
| 100 | _aNavarrete Frías, Ana María | ||
| 245 | 0 | _aLa reparación directa como recurso efectivo y adecuado para la reparación de violaciones de derechos humanos | |
| 264 |
_a[Bogotá, Colombia] : _bUniversidad del Rosario, _c2015 |
||
| 300 | _a374 páginas | ||
| 490 | _aTextos de Jurisprudencia | ||
| 650 | _aLaw | ||
| 856 | _uhttps://public.digitaliapublishing.com/a/46536 | ||
| 942 | _cCF | ||
| 999 |
_c95836 _d95836 |
||